000 00738nam a22002297a 4500
003 UA-OsUOA
001 48459
007 ta
008 20130527b un ||||| |||| 00| 0 ukr d
090 _a27(277)/082
942 _cBK
040 _aUA-OsUOA
_beng
_cUA-OsUOA
_dUA-OsUOA
245 _aAnalecta Ordinis S. Basilii Magni: Miscellanea in Honorem Cardinalis Isidori (1463-1963)
300 _a569 p.
955 _a1
041 _aeng
080 _a27(277)/082
260 _aRomae
_bSumptibus PP. Basilianorum
_c1963
650 7 _a27 Загальна історія Християнської церкви
_2UDC
999 _c428561
_d428561